| 000 | 00965nac a22002897a 4500 | ||
|---|---|---|---|
| 001 | BR9002298 | ||
| 003 | BR-BrBNA | ||
| 005 | 20240105121125.0 | ||
| 008 | 230509b bl.|||m| |||| 00| 0 por d | ||
| 040 |
_aBR-BrBNA _bpor _cBiblioteca Nacional de Agricultura |
||
| 072 | _aL53 | ||
| 090 | _a5300 BR9002298 | ||
| 100 | 1 | _aWentz, I. | |
| 100 | 1 | _aSilveira, P.R.S da | |
| 100 | 1 | _aMunari, J.P. | |
| 100 | 1 | _aScheid, I.R. | |
| 100 | 1 | _aFreitas, A.R. de | |
| 110 | 1 | _aCentro Nacional de Pesquisa de Suinos e Aves, Concordia, SC (Brasil) | |
| 245 | 1 | _aEfeito do contato com o cachaco e do acesso a piquete na inducao do estro em leitoas pre-puberes | |
| 260 | 3 |
_aConcordia, SC (Brasil): _c1990. |
|
| 300 | _a4 p. | ||
| 490 |
_aComunicado Tecnico - Centro Nacional de Pesquisa de Suinos e Aves (Brazil) _vno. 158 _xISSN 0100-8862 |
||
| 650 | _aSUINO | ||
| 650 | _aCICLO ESTRAL | ||
| 909 |
_a202312 _bLúcia Elande _c55 _dLúcia Elande |
||
| 942 |
_2AGRIS _n0 _cMS |
||
| 999 |
_c283436 _d283436 |
||